Normal view
MARC view
- Ramsey,Robert S مؤلف/Henley,Martin م.مؤلف/Algozzine,Robert Fمشارك/ F. السرطاوي،زيدان أحمد مترجم
Entry Personal Name
001 - CONTROL NUMBER
- control field: 22474
003 - CONTROL NUMBER IDENTIFIER
- control field: JO-AjAnu
005 - DATE AND TIME OF LATEST TRANSACTION
- control field: 20230606073858.0
008 - FIXED-LENGTH DATA ELEMENTS
- fixed length control field: 230606|| aca||aabn | a|a d
040 ## - CATALOGING SOURCE
- Original cataloging agency: JO-AjAnu
- Transcribing agency: JO-AjAnu
100 ## - HEADING--PERSONAL NAME
- Personal name: Ramsey,Robert S مؤلف/Henley,Martin م.مؤلف/Algozzine,Robert Fمشارك/ F. السرطاوي،زيدان أحمد مترجم
670 ## - SOURCE DATA FOUND
- Source citation: Work cat.: (JO-AjAnu)11551: Ramsey,Robert S مؤلف/Henley,Martin م.مؤلف/Algozzine,Robert Fمشارك/ F. السرطاوي،زيدان أحمد مترجم, author, تدريس الطلبة ذوي الإعاقات البسيطة = Teaching Students With Mild Disabilites